The slow learner : some educational principles and policies.

Bibliographic Details
Main Author: Cleugh, Mary Frances
Format: Book
Language:English
Published: New York : Philosophical Library, [1957]
Subjects:

MARC

Tag First Indicator Second Indicator Subfields
LEADER 00000cam a2200000 4500
001 in00000055736
005 20151008052309.0
008 760427s1957 nyu 00000 eng
010 |a  57014009  
035 |a (OCoLC)02142758 
035 |9 AAH2678AM 
040 |a DLC  |c TOL  |d TXA  |d UtOrBLW 
049 |a TXAM  |c [284557] 
050 0 0 |a LC4661  |b .C55 1957 
082 0 |a 371.922 
092 |a 371.922  |b C634s 
100 1 |a Cleugh, Mary Frances. 
245 1 4 |a The slow learner :  |b some educational principles and policies. 
264 1 |a New York :  |b Philosophical Library,  |c [1957] 
264 4 |c [©1957] 
300 |a 186 pages :  |b illustrations ;  |c 19 cm. 
336 |a text  |b txt  |2 rdacontent 
337 |a unmediated  |b n  |2 rdamedia 
338 |a volume  |b nc  |2 rdacarrier 
650 0 |a Problem children  |x Education. 
999 |a MARS 
999 f f |s ed037ab6-5cf4-33d3-8385-f25ad3dee8ca  |i 7c5f4dd3-7ebf-3dd9-aa74-b7456bee6030  |t 0 
952 f f |p normal  |a Texas A&M University  |b College Station  |c Sterling C. Evans Library  |d Evans: Library Stacks  |t 0  |e LC4661 .C55 1957  |h Library of Congress classification  |i unmediated -- volume  |m A14800847190 
998 f f |a LC4661 .C55 1957  |t 0  |l Evans: Library Stacks